Wave transmission (Record no. 78419)
[ view plain ]
| 000 -LEADER | |
|---|---|
| fixed length control field | 01304nam a2200229 a 4500 |
| 008 - FIXED-LENGTH DATA ELEMENTS--GENERAL INFORMATION | |
| fixed length control field | 060316s1972 ||||||||||||||||| || u |
| 020 ## - INTERNATIONAL STANDARD BOOK NUMBER | |
| International Standard Book Number | 0713132787 |
| 050 ## - LIBRARY OF CONGRESS CALL NUMBER | |
| Classification number | TK 5102.5 Con |
| 100 ## - MAIN ENTRY--PERSONAL NAME | |
| Personal name | Connor, Frank Robert |
| 245 10 - TITLE STATEMENT | |
| Title | Wave transmission |
| 260 ## - PUBLICATION, DISTRIBUTION, ETC. (IMPRINT) | |
| Place of publication, distribution, etc | London : |
| Name of publisher, distributor, etc | Edward Arnold |
| Date of publication, distribution, etc | 1972 |
| 300 ## - PHYSICAL DESCRIPTION | |
| Extent | vii, 107 p. : ill. |
| 350 ## - | |
| -- | 0.00 |
| 490 ## - SERIES STATEMENT | |
| Series statement | His Introductory topics in electronics and telecommunication |
| 650 ## - SUBJECT ADDED ENTRY--TOPICAL TERM | |
| Topical term or geographic name as entry element | MICROWAVES |
| 650 ## - SUBJECT ADDED ENTRY--TOPICAL TERM | |
| Topical term or geographic name as entry element | TELECOMMUNICATION LINES |
| 995 ## - RECOMMENDATION 995 [LOCAL, UNIMARC FRANCE] | |
| -- | 0.00 |
| -- | CBU-SCHOOL TEXTBOOK COLLECTIONS |
| -- | 1 |
| -- | 0.00 |
| -- | 2 |
| -- | AVAILABLE |
| -- | Aug 31, 2009 |
| -- | School Collections |
| 995 ## - RECOMMENDATION 995 [LOCAL, UNIMARC FRANCE] | |
| -- | 0.00 |
| -- | CBU-MAIN LIBRARY (Kitwe) |
| -- | 1 |
| -- | 3.75 |
| -- | 1 |
| -- | AVAILABLE |
| -- | Main Library Open Access Collection |
| 995 ## - RECOMMENDATION 995 [LOCAL, UNIMARC FRANCE] | |
| -- | 0.00 |
| -- | CBU-SCHOOL TEXTBOOK COLLECTIONS |
| -- | 1 |
| -- | 0.00 |
| -- | 4 |
| -- | AVAILABLE |
| -- | Aug 31, 2009 |
| -- | School Collections |
| 995 ## - RECOMMENDATION 995 [LOCAL, UNIMARC FRANCE] | |
| -- | 0.00 |
| -- | CBU-SCHOOL TEXTBOOK COLLECTIONS |
| -- | 1 |
| -- | 0.00 |
| -- | 3 |
| -- | AVAILABLE |
| -- | Aug 31, 2009 |
| -- | School Collections |
| 995 ## - RECOMMENDATION 995 [LOCAL, UNIMARC FRANCE] | |
| -- | 0.00 |
| -- | CBU-SCHOOL TEXTBOOK COLLECTIONS |
| -- | 1 |
| -- | 0.00 |
| -- | 5 |
| -- | AVAILABLE |
| -- | Aug 31, 2009 |
| -- | School Collections |
| Withdrawn status | Lost status | Source of classification or shelving scheme | Damaged status | Not for loan | Permanent Location | Current Location | Shelving location | Date acquired | Total Checkouts | Full call number | Barcode | Date last seen | Copy number | Price effective from | Koha item type |
|---|---|---|---|---|---|---|---|---|---|---|---|---|---|---|---|
| CBU-MAIN LIBRARY, KITWE. | CBU-MAIN LIBRARY, KITWE. | 05/16/2023 | TK 5102.5 Con | 017369 | 05/16/2023 | 2 | 05/16/2023 | MONOGRAPH | |||||||
| CBU-SCHOOL TEXT BOOK COLLECTION | CBU-SCHOOL TEXT BOOK COLLECTION | 05/16/2023 | SCHOOL TEXTBOOK | 3631 | 05/16/2023 | 1 | 05/16/2023 | MONOGRAPH | |||||||
| CBU-SCHOOL TEXT BOOK COLLECTION | CBU-SCHOOL TEXT BOOK COLLECTION | 05/16/2023 | SCHOOL TEXTBOOK | 3633 | 05/16/2023 | 3 | 05/16/2023 | MONOGRAPH | |||||||
| CBU-SCHOOL TEXT BOOK COLLECTION | CBU-SCHOOL TEXT BOOK COLLECTION | 05/16/2023 | SCHOOL TEXTBOOK | 3632 | 05/16/2023 | 4 | 05/16/2023 | MONOGRAPH | |||||||
| CBU-SCHOOL TEXT BOOK COLLECTION | CBU-SCHOOL TEXT BOOK COLLECTION | 05/16/2023 | SCHOOL TEXTBOOK | 3634 | 05/16/2023 | 5 | 05/16/2023 | MONOGRAPH |